000 00895cab a2200241 4500
001 WB3512-21
008 090401t1999 xxu||||| |||| 00| 0 eng d
035 _a(Sirsi) u92377
041 _aeng
245 _aCouncil search power increase
260 _c1999
350 _a0
490 _aHerald
_v25 March 1999, 4(1)
520 _aThe Scottish Office has announced a licensing scheme to cover houses in multiple occupation. Councils will be allowed to withhold licences where they are concerned about sanitation, fire safety or disrepair, and they will be given powers to search properties they suspect of not having a licence.
650 _aHOUSES IN MULTIPLE OCCUPATION
650 _aHOUSES IN MULTIPLE OCCUPATION
650 _aLICENSING SCHEMES
650 _aRENTED ACCOMMODATION
650 _aSCOTLAND
690 _aBlock management
_96220
942 _n0
948 _c25/03/1999
999 _c58567
_d58567